TOEIC 金のフレーズ(001-050) - Statistics

General Stats
  • This quiz has been taken 124 times
  • The average score is 9 of 50
Answer Stats
意味 英単語 % Correct
出席する attend
46%
増加 increase
45%
〜によると according to
43%
地元の local
42%
修理 repair
42%
会議 conference
39%
含む include
39%
とにかく anyway
38%
配達 delivery
37%
購入する purchase
37%
参照する refer
37%
詳細 detail
36%
研究 research
36%
生産 production
34%
建設 construction
33%
最近 recently
33%
入手できる available
32%
位置して located
28%
予算 budget
24%
申し出る offer
24%
追加の additional
22%
年に一度の annual
22%
award
17%
予期する expect
16%
部門 department
14%
〜に続いて following
14%
支払い payment
13%
提供する provide
12%
アンケート調査 survey
12%
機器 equipment
11%
発表する announce
8%
契約 contract
8%
示す indicate
8%
社員 employee
7%
応募書類 application
4%
顧客 client
4%
衣類 clothing
4%
確認する confirm
4%
現在 currently
4%
お金の financial
4%
会社 firm
4%
経営 management
4%
おそらく likely
3%
広告 advertising
1%
請求する charge
1%
空き opening
1%
業績 performance
0%
満足して pleased
0%
検討する review
0%
見学する tour
0%
No matching quizzes found
Score Distribution
Percent of People with Each Score
Percentile by Number Answered
Your Score History
You have not taken this quiz